000
00262nam a2200133Ia 4500
100
_a
Powell/J.E
942
_c
BK
654
_a
Fox Pro 2
245
_a
Fox Pro 2
260
_b
Galgotia Pub
_a
New Delhi
_c
1993
300
_a
411
546
_a
ENGLISH
999
_c
30599
_d
30599